▛TV Fill-in-the-Blank: Monday-Sunday▜ Quiz Stats

 Plays Quiz not verified by Sporcle

Score 0/48 Timer 04:00
0 Plays Today
% Correct
Mother
99.3%
Half
99.1%
Stars
97.4%
Bang
95.3%
Model
95.2%
Girl
94%
Tree
92.8%
Anatomy
92.5%
Family
91.1%
Rules
90.3%
Minds
89.9%
Makeover
89.4%
Biggest
88.6%
Scene
88.1%
Kitchen
86.8%
Sisters
85.6%
Rock
83.6%
Desperate
82.7%
Amazing
79%
House
76.8%
Guy
76.5%
Five-O
76.2%
Small
74.8%
Vampire
73%
% Correct
American
73%
Wife
71.8%
Private
69.2%
Mike
68.9%
Lie
63.3%
Cougar
57.5%
Hope
53.7%
Undercover
51.2%
Life
49.3%
Ordinary
44%
Bloods
34.3%
Good
34%
Cleveland
34%
sourced
27%
Detroit
24.5%
Human
24.3%
Whole
23.9%
Proof
22.4%
natural
22.1%
Running
21.3%
Secret
15.8%
Out
13.5%
Better
12.6%
Generation
10.7%

You're not logged in!

Compare scores with friends on all Sporcle quizzes.
OR
Log In

Show Comments

Extras

Top Quizzes Today


Score Distribution

Your Account Isn't Verified!

In order to create a playlist on Sporcle, you need to verify the email address you used during registration. Go to your Sporcle Settings to finish the process.

Report this User

Report this user for behavior that violates our Community Guidelines.

Details: